David Walliams Childrens Books - Statistics

General Stats
  • This quiz has been taken 146 times
    129 since last reset
  • The average score is 11 of 26
Answer Stats
Year Answer % Correct
2008 The Boy in the Dress
78%
2011 Gangsta Granny
77%
2013 Demon Dentist
69%
2014 Awful Auntie
68%
2009 Mr Stink
67%
2012 Ratburger
67%
2016 The World's Worst Children
64%
2016 The Midnight Gang
62%
2010 Billionaire Boy
58%
2017 Bad Dad
49%
2017 The World's Worst Children 2
48%
2019 The World's Worst Teachers
48%
2018 The World's Worst Children 3
46%
2019 Fing
45%
2015 Grandpa's Great Escape
44%
2020 The World's Worst Parents
43%
2020 Slime
38%
2018 The Ice Monster
34%
2019 The Beast of Buckingham Palace
31%
2020 Code Name Bananas
20%
2017 Blob
10%
2016 There's a Snake in My School
5%
2013 The Slightly Annoying Elephant
3%
2015 The Queens Orang-Utan
2%
2015 The Bear who went Boo!
1%
2014 The First Hippo on the Moon
1%
No matching quizzes found
Score Distribution
Percent of People with Each Score
Percentile by Number Answered
Your Score History
You have not taken this quiz since the last reset